|
|
|
|
| LEADER |
00000cam a2200000 4500 |
| 001 |
vtls011876618 |
| 003 |
SK-MaSNL |
| 005 |
20260301225051.0 |
| 008 |
210624s2019 xo ag brp 000 0 slo |
| 015 |
|
|
|a SNBA2020/03
|
| 020 |
|
|
|a 9788010035564
|q (brožované)
|
| 035 |
|
|
|a 690CF12D-4976-437A-8A1C-63C688522B8B
|
| 035 |
|
|
|a urn:nbn:sk:snk-am3ifhc
|
| 035 |
|
|
|a urn:nbn:sk:snk-am00e8ca
|
| 040 |
|
|
|a SNK
|b slo
|c SNK
|e rda
|
| 041 |
0 |
|
|a slo
|
| 044 |
|
|
|a xo
|c SK
|
| 072 |
|
7 |
|a 78
|x Hudba
|2 konspekt
|
| 080 |
|
|
|a 78:37.016
|2 2011
|
| 080 |
|
|
|a (075.2)
|2 2011
|
| 100 |
1 |
|
|a Langsteinová, Eva,
|d 1943-
|4 aut
|9 90873
|
| 245 |
1 |
0 |
|a Hudobná výchova
|b pre 3. ročník základných škôl
|c autori Eva Langsteinová, Belo Felix
|
| 250 |
|
|
|a Štvrté vydanie
|
| 264 |
|
1 |
|a Bratislava
|b Slovenské pedagogické nakladateľstvo
|c 2019
|
| 300 |
|
|
|a 71 strán
|b ilustrácie, noty
|c 30 cm
|
| 336 |
|
|
|a text
|b txt
|2 rdacontent
|
| 336 |
|
|
|a zápis hudby
|b ntm
|2 rdacontent
|
| 337 |
|
|
|a bez média
|b n
|2 rdamedia
|
| 338 |
|
|
|a zväzok
|b nc
|2 rdacarrier
|
| 500 |
|
|
|a Obsahuje zoznam piesní ; skladby na počúvanie a hudobno-dramatické celky
|
| 650 |
0 |
7 |
|a hudobná výchova
|2 SNKPH
|9 1662
|
| 650 |
0 |
7 |
|a Musical learning and teaching
|2 SNKPHeng
|9 275488
|
| 655 |
|
7 |
|a učebnice základných škôl
|2 SNKPH
|9 70187
|
| 655 |
|
7 |
|a Textbooks (elementary)
|2 SNKPHeng
|9 276977
|
| 700 |
1 |
|
|a Felix, Belo,
|d 1940-
|4 aut
|9 92635
|
| 700 |
1 |
|
|a Suchalová Harichová, Ľubica,
|d 1958-
|4 ill
|9 239876
|
| 710 |
2 |
|
|a Slovenské pedagogické nakladateľstvo - Mladé letá
|4 pbl
|9 211357
|
| 919 |
|
|
|a 978-80-10-03556-4
|
| 999 |
|
|
|c 949570
|d 951500
|
| 952 |
|
|
|a SNK
|b SNK
|y PREZ
|7 0
|p 17A1393759
|o snkSB 94913
|i snk2019/30663
|8 0
|0 0
|1 0
|4 0
|d 2019-11-27
|f 1
|l 0
|r 2025-05-15 00:00:00
|w 2026-02-24
|
| 952 |
|
|
|a SNK
|b SNK
|y VYP
|7 0
|p 17A1393760
|o snkSB 94913 D1
|i snk2019/30664
|8 0
|0 0
|1 0
|4 0
|d 2019-11-27
|l 0
|r 2026-02-24 09:44:43
|w 2026-02-24
|